书目信息 |
| 题名: |
精神分析导论讲演
|
|
| 作者: | 弗洛伊德 著 ;周泉 , 严泽胜 , 赵强海 译 | |
| 分册: | ||
| 出版信息: | 北京 国际文化出版公司 2007.1 |
|
| 页数: | 389页 | |
| 开本: | 23cm | |
| 丛书名: | 精神分析经典译丛 | |
| 单 册: | ||
| 中图分类: | B84-065 | |
| 科图分类: | ||
| 主题词: | 精神分析--研究 , 精神分析 | |
| 电子资源: | ||
| ISBN: | 978-7-80105-730-3 | |
| 000 | 01224oam2 2200337 45 | |
| 001 | 1360580812 | |
| 005 | 20130531100528.50 | |
| 010 | @a978-7-80105-730-3@dCNY35.00 | |
| 100 | @a20130513d2007 ekmy0chiy0120 ea | |
| 101 | 1 | @achi@cger |
| 102 | @aCN@b110000 | |
| 105 | @ay z 000yy | |
| 106 | @ar | |
| 200 | 1 | @a精神分析导论讲演@AJing Shen Fen Xi Dao Lun Jiang Yan@dIntroductory lectures on psychoanalysis@f(奥) 西格蒙德·弗洛伊德(Sigmund Freud)著@F( Ao ) Xi Ge Meng De· Fu Luo Yi De (Sigmund Freud) Zhu@g周泉,严泽胜,赵强海译@zeng |
| 205 | @a2版 | |
| 210 | @a北京@c国际文化出版公司@d2007.1 | |
| 215 | @a389页@d23cm | |
| 225 | 2 | @a精神分析经典译丛 |
| 300 | @a中国科学院心理健康重点实验室审定 | |
| 330 | @a本书分三个部分:“动作倒错”、“梦”、“神经症通论”。 | |
| 461 | 0 | @12001 @a精神分析经典译丛 |
| 510 | 1 | @aIntroductory lectures on psychoanalysis@zeng |
| 606 | 0 | @a精神分析@x研究 |
| 606 | 0 | @a精神分析 |
| 690 | @aB84-065@v5 | |
| 701 | 1 | @a弗洛伊德@AFu Luo Yi De@g(Freud, Sigmund@f1856~1939)@4著 |
| 702 | 0 | @a周泉@AZhou Quan@4译 |
| 702 | 0 | @a严泽胜@AYan Ze Sheng@4译 |
| 702 | 0 | @a赵强海@AZhao Qiang Hai@4译 |
| 801 | @aCN@bTANGWEI@c20130523 | |
| 905 | @b0835758-60@dB84-065@e1177=2@f3 | |
| 精神分析导论讲演=Introductory lectures on psychoanalysis/(奥) 西格蒙德·弗洛伊德(Sigmund Freud)著/周泉,严泽胜,赵强海译.-2版.-北京:国际文化出版公司,2007.1 |
| 389页;23cm.-(精神分析经典译丛) |
| 中国科学院心理健康重点实验室审定 |
| ISBN 978-7-80105-730-3:CNY35.00 |
| 本书分三个部分:“动作倒错”、“梦”、“神经症通论”。 |
| ● |
| 相关链接 |
|
|
|
|
正题名:精神分析导论讲演
索取号:B84-065/1177=2
 
预约/预借
| 序号 | 登录号 | 条形码 | 馆藏地/架位号 | 状态 | 备注 |
| 1 | 0835758 | 208357589 | 第一样本阅览室/ [索取号:B84-065/1177=2] | 在馆 | |
| 2 | 0835759 | 208357598 | 第一借阅区/ [索取号:B84-065/1177=2] | 在馆 | |
| 3 | 0835760 | 208357605 | 教育系资料室/ [索取号:B84-065/1177=2] | 在馆 |